Contabilidad de cooperativas agrarias (Registro nro. 6914)

Detalles MARC
000 -LEADER
fixed length control field 00906 a2200229 4500
001 - CONTROL NUMBER
control field 60344
005 - DATE AND TIME OF LATEST TRANSACTION
control field 20260407155854.0
008 - FIXED-LENGTH DATA ELEMENTS--GENERAL INFORMATION
fixed length control field 260407a1989 arg spa d
003 - CONTROL NUMBER IDENTIFIER
control field AR-UNSa-BCEJYS
040 ## - CATALOGING SOURCE
Original cataloging agency AR-UNSa-BCEJYS
Language of cataloging spa
Transcribing agency AR-UNSa-BCEJYS
080 ## - UNIVERSAL DECIMAL CLASSIFICATION NUMBER
Universal Decimal Classification number 334.73
Common auxiliary subdivision Cooperativas
020 ## - INTERNATIONAL STANDARD BOOK NUMBER
International Standard Book Number 978-84-7114-224-5
041 ## - LANGUAGE CODE
Language code of text/sound track or separate title spa
100 1# - MAIN ENTRY--PERSONAL NAME
Personal name Alonso Sebastián, Ramón
245 10 - TITLE STATEMENT
Title Contabilidad de cooperativas agrarias
Name of part/section of a work (Adaptado al P.G.C.E.)
264 #1 - PRODUCTION, PUBLICATION, DISTRIBUTION, MANUFACTURE, AND COPYRIGHT NOTICE
Place of production, publication, distribution, manufacture Madrid :
Name of producer, publisher, distributor, manufacturer Ediciones Mundi-Prensa
Date of production, publication, distribution, manufacture, or copyright notice 1989
300 ## - PHYSICAL DESCRIPTION
Extent 107 p.
Dimensions 21 cm.
505 ## - FORMATTED CONTENTS NOTE
Formatted contents note 1. Justificación económico-jurídica de la necesidad de implantar un sistema contable en las empresas cooperativas - 2. La contabilidad como sistema de información – 3. La contabilidad en las cooperativas agrarias – 4. Balances tipo -
590 ## - LOCAL NOTE (RLIN)
Local note niveau_biblio:m niveau_hierar:0
700 1# - ADDED ENTRY--PERSONAL NAME
Personal name Iruretagoyeba Osuna, María Teresa
942 ## - ADDED ENTRY ELEMENTS (KOHA)
Koha item type
Existencias
Withdrawn status Lost status Damaged status Not for loan Home library Current library Shelving location Date acquired Total checkouts Full call number Barcode Date last seen Price effective from Koha item type
        Biblioteca Prof. Eusebio Cleto del Rey Biblioteca Prof. Eusebio Cleto del Rey   07/04/2026   334.73 A454 L129093 07/04/2026 07/04/2026 Libro